| 000 | 01209nam a2200229 a 4500 | ||
|---|---|---|---|
| 001 | 000026726 | ||
| 005 | 20260429123223.0 | ||
| 008 | 110324s2005 dr a 001 0 spa d | ||
| 040 |
_aDO-SdBNP _bspa _cBNPHU |
||
| 082 | _aF-RD 108 | ||
| 245 | 1 | 0 | _aGuía ciudadana para el acceso a la información pública en la República Dominicana. |
| 260 |
_aSanto Domingo : _bParticipación Ciudadana, _c2005. |
||
| 300 |
_a28 p. : _bil. ; _c18 cm. |
||
| 504 | _aBibliografía: p. 28. | ||
| 505 | 0 |
_gPresentación -- _tReflexiones preliminares -- _tAutoridad responsable de acceso a la información -- _tProcedimiento de solicitud de información -- _tSeguimiento a la solicitud de información -- _tRecursos administrativos y jurisdiccionales disponibles en caso de obstrucción a la solicitud de acceso a la Información -- _tRecomendaciones finales para garantizar tu derecho de acceso a la información pública -- _tGlosario de términos. |
|
| 650 | 4 |
_aAcceso a la información _zRepública Dominicana _953835 |
|
| 650 | 0 |
_aPolítica de información _953836 |
|
| 650 | 0 |
_aInformación pública oficial _953837 |
|
| 650 | 2 | 0 |
_aParticipación política _9456 |
| 910 | _aValidado. Control de calidad EMS | ||
| 049 | _aBNPD | ||
| 999 |
_c26218 _d26218 |
||